000 02549cam a2200325 i 4500
001 991027151584107026
003 UkOxU
005 20250324094702.0
007 ta
008 240209s2024 enk 000 1 eng d
020 _a9781399725101
_qtrade paperback
020 _a9781399725095
_qhardback
035 _a(OCoLC)1420889559
_z(OCoLC)1436450988
035 _a(OCoLC)on1420889559
040 _aAU@
_beng
_erda
_cAU@
_dATNSH
_dAUNTL
_dNZLPP
_dOCLCO
_dSINLB
_dUKYRK
_dOCLCO
_dZGR
_dOCLCO
_dQGQ
_dUkOxU
100 _aKing, Stephen
_d1947-
_eauthor.
_911316
245 1 0 _aYou like it darker
_c/ Stephen King.
264 1 _aLondon :
_bHodder & Stoughton,
_c2024.
300 _a484 pages ;
_c24 cm
505 0 _aTwo talented bastids — The fifth step — Willie the weirdo — Danny Coughlin's bad dream — Finn — On Slide Inn Road — Red screen — The turbulence expert — Laurie — Rattlesnakes — The dreamers — The answer man — Afterword.
520 _a'You like it darker? Fine, so do I', writes Stephen King in the afterword to this magnificent new collection of twelve stories that delve into the darker part of life - both metaphorical and literal. King has, for half a century, been a master of the form, and these stories, about fate, mortality, luck, and the folds in reality where anything can happen, are as rich and riveting as his novels, both weighty in theme and a huge pleasure to read. King writes to feel 'the exhilaration of leaving ordinary day-to-day life behind', and in You Like it Darker, readers will feel that exhilaration too, again and again. 'Two Talented Bastids' explores the long-hidden secret of how the eponymous gentlemen got their skills. In 'Danny Coughlin's Bad Dream', a brief and unprecedented psychic flash upends dozens of lives, Danny's most catastrophically. In 'Rattlesnakes', a sequel to Cujo, a grieving widower travels to Florida for respite and instead receives an unexpected inheritance - with major strings attached. In 'The Dreamers', a taciturn Vietnam vet answers a job ad and learns that there are some corners of the universe best left unexplored. 'The Answer Man' asks if prescience is good luck or bad and reminds us that a life marked by unbearable tragedy can still be meaningful.
650 0 _aFate and fatalism
_vFiction.
650 0 _aMortality
_vFiction
_924284
650 0 _aFortune
_vFiction.
650 0 _aWidowers
_vFiction.
650 0 _aInheritance and succession
_vFiction.
_924095
655 0 _aHorror fiction
_922808
655 0 _aShort stories
_922375
942 _2lcc
999 _c4567
_d4567